000 00465nam a2200169 i 4500
001 55427
003 ES-MaACL
007 t|
008 030919s1975 sp ||||1| spa d
245 0 4 _aLos derechos del hombre /
_cE.H. Carr ... [et al.].
250 _a[3ยช ed.].
260 _aBarcelona :
_bLaia,
_c1975.
300 _a424 p. ;
_c18 cm.
700 0 _aCarr, Edward Hallett,
_d1892-1982
_935467
852 _aES-MaACL
_jE-7426
_bR.91960
999 _c55427
_d55427